Science advances.

Bibliographic Details
Main Author: Haldane, J. B. S. (John Burdon Sanderson), 1892-1964
Format: Book
Language:English
Published: New York : Macmillan, 1948.
Subjects:

MARC

Tag First Indicator Second Indicator Subfields
LEADER 00000cam a2200000 4500
001 in00000048090
005 20151007065530.0
008 791204s1948 nyu 00000 eng d
035 |a (OCoLC)05758398 
035 |9 AAE2185AM 
040 |a CRU  |c CRU  |d TXA  |d UtOrBLW 
049 |a TXAM  |c [157743] 
090 |a Q171  |b .H37 
092 |a 504  |b H158sc 
100 1 |a Haldane, J. B. S.  |q (John Burdon Sanderson),  |d 1892-1964. 
245 1 0 |a Science advances. 
264 1 |a New York :  |b Macmillan,  |c 1948. 
300 |a 253 pages ;  |c 22 cm. 
336 |a text  |b txt  |2 rdacontent 
337 |a unmediated  |b n  |2 rdamedia 
338 |a volume  |b nc  |2 rdacarrier 
650 0 |a Science. 
999 |a MARS 
999 f f |s 0f8577d4-683c-3618-a868-d7ad86f02a3a  |i c095a620-1a22-3aca-a33f-0e8e6ea0a875  |t 0 
952 f f |p ric  |a Texas A&M University  |b Rellis Campus  |c Joint Library Facility  |d Remote Storage  |t 0  |e Q171 .H37  |h Library of Congress classification  |i unmediated -- volume  |m A14800892721 
998 f f |a Q171 .H37  |t 0  |l Remote Storage